“澡堂”地点数量≥500的地级行政区 Prefectures with ≥500 bathroom sites - Statistics

General Stats
  • This quiz has been taken 76 times
  • The average score is 14 of 26
Answer Stats
地级行政区 数量 % Correct
沈阳 609
97%
大连 610
87%
上海 829
73%
南京 563
70%
徐州 739
63%
天津 857
61%
苏州 1045
58%
无锡 960
58%
青岛 921
58%
常州 859
58%
南通 551
58%
连云港 543
57%
盐城 664
55%
镇江 581
55%
扬州 530
55%
泰州 564
54%
宿迁 561
51%
淮安 538
51%
临沂 589
48%
威海 1295
33%
烟台 669
33%
日照 799
31%
唐山 689
31%
滁州 537
31%
宿州 540
24%
阜阳 933
18%
No matching quizzes found
Score Distribution
Percent of People with Each Score
Percentile by Number Answered
Your Score History
You have not taken this quiz